[Event "HCL-C168"]
[Site "www.playchess.de"]
[Date "2001.04.14"]
[Round "6"]
[White "Mordechai"]
[Black "erlsto"]
[WhiteElo "1000"]
[BlackElo "1000"]
[PlyCount "121"]
[Result "1-0"]

1.d4 {Greetings from Tampa, Florida, USA}  d5 2.c4 
e6 3.Nc3 Nf6 {Greetings from the cold north!}  
4.Bg5 {It's a balmy 75F here in Florida.  I don't 
envy your weather.}  Bb4 {you like summer all 
year?}  5.Nf3 {Summer is 92F, with rain every day 
from May through end of Sept.  Happy trade off for 
the ice.}  Nc6 {Do u play often at this site? Its 
my first time!}  6.e3 {My first time at this site 
also. Started playing email chess 2 months ago at 
www.myemailchess.com}  O-O {I have never played 
e-chess before, but I give it a try!}  7.cxd5 
{Where in Norway do you live?}  exd5 {40km. north 
of Oslo, the capitol city}  8.Bd3 {Chess must be 
popular in Norway this time of year. Too cold to 
go outside.}  Bg4 {If you dress up well its not a 
problem to go out! Its nice to go skiing!}  9.O-O 
{Don't think I could dress for -17C/1F, but skiing 
would be nice.}  h6 {In your place its more 
waterskiing I guess?}  10.Bxf6 {Yes, we have water 
skiing, but it is too cold right now for we 
Floridians - high of 66F today..}  gxf6 {I dont 
like my opening here!!}  11.Rc1 {I saw your name 
at myemailchess.com. Its a good site for a 
friendly game.}  Re8 {Yes I sign up there! Thanks 
for the tip! I saw your game there also!}  12.Re1 
{I was wondering how you say my game. I didn't 
know that you could do that.}  Bf8 {It is an 
option where you can see the last ten games or 
moved played, and i saw your name there}  13.Be2 
{Sorry I didn't send you a move yesterday.  Site 
malfunction.  It wouldn't let me send.}  Ne7 {Ok, 
malfunction happens!You are the only one who sends 
me move!!}  14.Qb3 {I don't receive moves from the 
others either, except a few from sonny garcia - 
but time is running!}  Rb8 {Its new for me to play 
a game over this long time}  15.h3 {One has to be 
patient to play email chess, but I enjoy it 
because the quality of the game is higher.}  Bf5 
{If I remember what was my plan! The quality 
should be better!??}  16.Nh4 {God dag! lol.  My 
sentiments exactly about the plan. (How is my 
Norwegian?)}  Bh7 {your Norwegian is perfectly 
good! Where did you learn that?}  17.Qd1 {You can 
learn much from the internet. Where did you learn 
to speak English so well. Ha en god dag!}  c6 {I 
learn my english from school,tv and travel but I 
think there is some wrong spelling!!}  18.Bd3 
{Haven't noticed spelling errors. It seems that 
there are similarities between Norwegian and 
English.}  f5 {It si a great influence from 
english in the norwegian languish}  19.Ne2 {Are 
chess books available in Norwegian, or do you read 
them in English?}  Kh8 {It is many books written 
or translated in norwegian, but I dont read them!} 
 20.Nf4 {I have been unable to get through to 
myemailchess.com. Have you had any problems?}  Ng6 
{I have the same problems, the server could be 
down!?}  21.Nxf5 Nxf4 22.exf4 Qf6 {I started a 
game in myemail.. but after two moves it stoped!}  
23.Qg4 {I think I give up on the myemailchess 
site.}  Bb4 {Maybe it is some service on the site 
going on!}  24.Re5 {I finally got through to 
myemail chess the morning.}  Rxe5 {I also got 
through! ot a mail from myemail..they told about 
some upgrade}  25.fxe5 {Got the same email.  Looks 
like the site is working again.}  Qg6 {I havent 
"heard" from the man I play against in myemail!}  
26.Qxg6 Bxg6 27.Rd1 {I see that our game is far 
ahead of the others in the number of moves.}  Kh7 
28.g4 b6 {Micey has started to send me moves every 
day now!!}  29.a3 {How are your other games 
going?}  Bf8 {Its too early to say! Cant say I 
have any advantage in any of yhe games! But im 
still in there!}  30.h4 {Glad to hear you are 
still in your games.  Good tough game here!}  Bxf5 
{This game has been good, but I think(feel) that 
you have been in the "driving seat" I`m 
struggeling!}  31.Bxf5+ {I guess I have had the 
initiative for a while, but it is anybody's game.} 
 Kg7 {how do you do in the other games in the 
tournament}  32.Bd7 {Miky-took B for p. SonG-same, 
but giving it back to free game and gain attack.  
JRockne-even.}  c5 {What do you do in Florida? 
When you dont play chess}  33.Bc6 {I'm an 
attorney; married; two children ages 21 & 24.  How 
about you.}  Rd8 {I work for an airline (on the 
ground) Married no kids.}  34.dxc5 {Do you work in 
Oslo?}  d4 {yes Oslo airport Gardermoen,a little 
bit north, a new built airport}  35.cxb6 {If you 
don't read chess books, where did you learn to 
play?}  axb6 {I have just got the interest and 
time to play again, used to play with my computer 
10years ago!}  36.f4 {Playing the computer can be 
very frustrating. Humans make much better 
opponents.}  d3 {yes its difficult to win over the 
computer, but the opponent is always there!}  
37.Kf2 {I will be travelling this weekend to Ft. 
Lauderdale. You may not hear from me for a few 
days.}  Be7 {Have a nice travel!}  38.Ke3 {One 
last move before my trip. I just received a 
message that Sonnygarcia resigned my game.}  Bc5+ 
{My game with Sonny is even so far!}  39.Kd2 {When 
I got back, my computer at home crashed. Now using 
computer and work, but its not as convenient}  Be7 
{Let`s hope you get your computer to work again!}  
40.h5 {Home computer is still down. I will send 
you moves when I can.}  Bh4 {Did you see my 
"sueside" move against Sonny..I cant belive what I 
did!}  41.Bb5 {I am travelling again this weekend. 
Home computer still down so I have not seen your 
suicide move.}  Bg3 {Im also traveling today, To 
the Philippines on my vacation!!}  42.Rf1 
{Philippines sounds like fun. Enjoy your 
vacation!}  f6 {Sorry it takes some time with my 
moves, but here is one!}  43.exf6+ {I guess you 
found a computer in the Phillipines.}  Kxf6 {There 
is some internet cafes here but the connection is 
very slow}  44.Bxd3 {Hope you're having a nice 
time on your vacation. It's nice of you to take 
the time to send me a move}  Rd4 {Its look like im 
done here!!}  45.Ke3 {If you would like to start 
another game when you return from vacation, send 
me a move at myemailches}  Rd6 {We can start 
another game, but play some more moves here 
first!}  46.Rg1 {Wasn't suggesting we end 
here.Other games over & would like to start 
another.Whenver you want is ok.}  Bh4 {I`m home!! 
A litle jetlag otherw. fine. I start a new game in 
a few days!}  47.Rc1 {Welcome back!}  Bg3 {Thank 
you!}  48.Be4 {You are teaching me to be patient.} 
 Re6 {I dont have many options!}  49.b4 Rd6 50.a4 
{Queenside pawns continue their march.}  Ke6 {And 
I can only look!! And wait for the end.!?}  51.g5 
{Still a delicate situation here.}  hxg5 
{Delicate?? not for me!I can`t breath}  52.fxg5 
{Must be that cold Norwegian air. I guess I'm just 
cautious by nature.}  Ke5 {I think you can relax 
about this game!!}  53.Rf1 {Can't relax yet. Too 
many traps here!}  Bh4 {It`s a long lasting game?} 
 54.Rg1 {This is the longest email chess game I 
have ever played.}  Rd4 {Itcant be much more now!} 
 55.Rg4 {Your last move was a good one,but still 
feeling good about my position.Next 3-4 moves 
should decide.}  Be1 {one of your pawns have to go 
all the way down, sooner or later!}  56.h6 {That 
certainly is my objective.}  Rd8 {It look like 
it`s sooner! rather than later!!}  57.h7 {Yes, 
there will be some blood shed here soon.}  Bd2+ 
{You can not say I gave up to early!! I try my 
best all the way to the end!}  58.Ke2 {You are 
definitely a fighter.}  Bf4 {Send this game to the 
"game of the month"! It might not be the best game 
played but its a good fight}  59.g6 {It has been a 
very good game.}  Bh6 60.g7 {I see that I could 
not tempt you to take my bishop.}  Bxg7 {I can not 
find a way to deley the game anymore!}  
61.Rxg7 1-0

[Event "HCL-A073"]
[Site "www.playchess.de"]
[Date "2001.04.14"]
[Round "2"]
[White "oiram"]
[Black "teenspirit"]
[WhiteElo "1700"]
[BlackElo "1755"]
[PlyCount "73"]
[Result "1-0"]

1.e4 {good luck}  e6 {Hi oiram, gl to u 2}  2.d4 
d5 3.exd5 exd5 4.Nf3 Bd6 5.Bd3 Nc6 6.c3 Nge7 7.Be3 
Bg4 8.Nbd2 Qd7 9.Qc2 O-O-O 10.Ng5 Bh5 11.h3 Bg6 
12.Bxg6 Nxg6 13.O-O-O h6 14.Ngf3 Rhe8 15.Rhe1 f5 
16.Nb3 b6 17.Qd3 Nf4 18.Qa6+ Kb8 19.Qf1 a5 20.g3 
Nh5 21.Nc5 bxc5 22.Qb5+ Ka8 23.dxc5 Bf8 24.Qa6+ 
Kb8 25.Nd4 Nxd4 26.Bxd4 c6 27.Be5+ Rxe5 28.Qb6+ 
Kc8 29.Rxe5 Qc7 30.Qa6+ Kb8 31.Rde1 Nf6 32.R5e6 
Rc8 33.b4 Ne4 34.Kc2 g5 35.R6xe4 fxe4 36.bxa5 Bxc5 
37.Rb1+ 1-0

[Event "HCL-B158"]
[Site "www.playchess.de"]
[Date "2001.04.14"]
[Round "16"]
[White "adamant"]
[Black "Bauernopfer"]
[WhiteElo "885"]
[BlackElo "1320"]
[PlyCount "116"]
[Result "0-1"]

1.c4 e5 2.Nc3 Bc5 3.Nf3 d6 4.g3 Nf6 5.d3 Bg4 6.Bg2 
O-O 7.Ng5 c6 8.h3 Bd7 9.f4 h6 10.h4 hxg5 11.hxg5 
Nh7 12.e4 exf4 13.Qh5 Re8 14.Qxh7+ Kf8 15.Bxf4 Qb6 
16.Rb1 {I have to say your last move forced me to 
analyze the position for an hour and a half!Very 
Good Move}  Be6 {Thank you. Unfortunetly my 12th 
move was a blunder. Play to fast cause to many 
games (>25)}  17.Kd2 Bb4 18.Be3 Bc5 {.}  19.Bxc5 
{not bad}  Qxc5 20.Qh8+ Ke7 21.Qxg7 Nd7 22.Rh7 
{??}  Qf2+ 23.Ne2 Qxg2 24.g6 {Im sorry that I took 
so long to move.}  Reg8 {no problem! you have 
moved and that is important}  25.Qh6 Nf8 {.}  
26.gxf7 Bxf7 27.Qh4+ Ke8 28.Rh8 Rxh8 29.Qxh8 Qf3 
30.Rh1 d5 31.Qe5+ Kd7 32.Rh6 Ng6 33.Qf5+ Qxf5 
34.exf5 Ne7 35.g4 dxc4 36.dxc4 Bxc4 37.Nc3 Rd8 
38.Ke3 Nd5+ 39.Nxd5 cxd5 40.b3 Re8+ 41.Kf3 Be2+ 
42.Kg3 d4 43.g5 d3 44.Rh7+ Kc8 45.f6 d2 46.Rh1 Rf8 
47.f7 Rxf7 48.g6 Re7 49.Rh8+ Kd7 50.Rh7 d1Q {%}  
51.Rxe7+ Kxe7 52.Kh4 Kf6 53.g7 Qe1+ 54.Kh3 Kxg7 
55.a4 Qg1 56.b4 Qg4+ 57.Kh2 Bf3 58.a5 {Good game. 
I'll get you next time my chess friend.}  
Qg2+ 0-1

[Event "HCL-A073"]
[Site "www.playchess.de"]
[Date "2001.04.14"]
[Round "11"]
[White "teenspirit"]
[Black "markjburden"]
[WhiteElo "1755"]
[BlackElo "1368"]
[PlyCount "93"]
[Result "1-0"]

1.e4 e5 2.f4 d5 3.exd5 {Strange opening for a 1.d4 
player as I am...}  c6 {i have played d4 a lot to 
start, so im looking forward to see how this works 
out}  4.dxc6 {I feel playing in an unknown 
world... nice!!!!}  Nxc6 5.Nc3 exf4 6.Nf3 Bd6 7.d4 
Bg4 8.Bb5 a6 9.Bxc6+ bxc6 10.O-O Nf6 11.Re1+ Be7 
12.Bxf4 O-O 13.Be5 Re8 14.Qd3 h6 15.Ne4 Bxf3 
16.Qxf3 Nxe4 17.Rxe4 Bg5 18.Rae1 Qd7 19.c3 a5 
20.h4 f5 21.R4e2 Bxh4 22.Rf1 Ref8 23.Qh5 Bg5 
24.Rfe1 Kh7 25.g3 f4 26.gxf4 Bxf4 27.R2e4 Bxe5 
28.R4xe5 Rf6 29.R5e7 Qd6 30.Qe5 Rg6+ 31.Kh2 Qxe5+ 
32.dxe5 Rf8 33.Re2 Rf5 34.Rg2 Rh5+ 35.Kg1 Rxg2+ 
36.Kxg2 Rf5 37.b4 axb4 38.cxb4 Kg8 39.Re6 Kf7 
40.Rxc6 Rxe5 41.a4 Re4 42.Rb6 h5 43.a5 g5 44.a6 
Rg4+ 45.Kf3 Rf4+ 46.Ke3 h4 47.a7 1-0

[Event "HCL-B169"]
[Site "www.playchess.de"]
[Date "2001.04.14"]
[Round "1"]
[White "adamant"]
[Black "SailorMoon"]
[WhiteElo "885"]
[BlackElo "1200"]
[PlyCount "43"]
[Result "1-0"]

1.c4 e5 {hallo}  2.Nc3 {Greetings from Michigan}  
f5 3.d3 Nf6 {where is it - Michigan?}  4.Bg5 {In 
USA just below Canada}  b6 {ah... i have not 
known... I´m from Germany}  5.Nf3 Be7 6.Nxe5 {What 
part of Germany?}  d6 {Niederaachsen. But Germany 
is so small if u think of America... so it has no 
difference :-)}  7.Nf3 {Who taught you how to play 
chess?}  h6 {my father and my cousin. do u play in 
any chess league?}  8.Bf4 {No, But I play in OTB 
TNMTS. in Chicago,Ill. I have a chance to win 
$5000 first place prize.}  Bd7 {oh... hope not to 
be to easy to win, because then its not 
interesting...but I really don´t play well}  9.g3 
{Your doing fine so far.}  Bc6 {:-)}  10.Bg2 Nbd7 
11.O-O Nh5 12.Qd2 Nc5 {no longer fine... soon to 
lose... :-)}  13.b4 Na4 {:-)))}  14.b5 Bxf3 
15.Bxf3 Nxf4 16.Bc6+ Kf8 {... no more...}  17.Nxa4 
Rb8 18.Qxf4 g6 19.e4 {??}  Qc8 {I´m doing no more 
fine, I meant}  20.g4 Bg5 {I meant - I´ll loose. 
:-(}  21.Qf3 Kg7 {why "?" ? don´t you think so?}  
22.exf5 {!!!}  1-0

[Event "ACL-A091"]
[Site "www.playchess.de"]
[Date "2001.04.14"]
[Round "8"]
[White "hun"]
[Black "Iaret"]
[WhiteElo "1620"]
[BlackElo "1500"]
[PlyCount "78"]
[Result "0-1"]

1.e4 d6 2.d4 Nf6 3.Nc3 e5 4.Nf3 Nbd7 5.Bc4 Be7 
6.O-O O-O 7.Re1 c5 8.dxe5 Nxe5 9.Nxe5 dxe5 10.Nd5 
Nxd5 11.Bxd5 Qc7 12.Qh5 Be6 13.Bxe6 fxe6 14.Be3 
Rad8 15.Rad1 b5 16.f3 a5 17.a3 c4 18.Qg4 Rd6 
{iaret}  19.Bh6 Bf6 20.Rxd6 Qxd6 21.Re2 Kf7 22.Bd2 
Qd4+ 23.Kf1 Qxb2 24.Bxa5 Qxa3 25.Bd2 Rd8 26.f4 
Qa1+ 27.Re1 Qb2 28.f5 Rxd2 29.fxe6+ Ke7 30.Kg1 
Rxc2 31.h4 Rc1 32.Qg3 Qa1 33.Kf1 Rxe1+ 34.Qxe1 
Qxe1+ 35.Kxe1 Bxh4+ 36.Kd2 Bg5+ 37.Kc3 Kxe6 38.Kb4 
Bd2+ 39.Kxb5 c3 0-1

[Event "HCL-A081"]
[Site "www.playchess.de"]
[Date "2001.04.14"]
[Round "6"]
[White "teenspirit"]
[Black "Belka"]
[WhiteElo "1722"]
[BlackElo "1720"]
[PlyCount "41"]
[Result "1/2-1/2"]

1.d4 {Hi Belka}  Nf6 {Hi!}  2.Nf3 c5 3.c4 e6 4.g3 
{Hey u from Belarus... which city?}  cxd4 {Little 
town...:)}  5.Nxd4 {a little and beatiful town I 
supose :)}  Qa5+ 6.Nc3 Ne4 7.Bd2 Nxd2 8.Qxd2 Be7 
9.Bg2 O-O 10.O-O Nc6 11.a3 a6 12.e4 Qc5 13.Nxc6 
dxc6 14.Qe2 e5 15.b4 Qa7 16.c5 Be6 17.f4 {:)}  
Bxc5+ 18.Kh1 {Well, pawn is a christmas' present 
:)}  Bd4 19.Rac1 exf4 20.gxf4 Rad8 21.f5 {Sorry 
before, I didnt see u offered draw :)} 
 1/2-1/2

[Event "ACL-A098"]
[Site "www.playchess.de"]
[Date "2001.04.14"]
[Round "16"]
[White "Jefersonmello"]
[Black "opressor"]
[WhiteElo "1500"]
[BlackElo "1500"]
[PlyCount "100"]
[Result "0-1"]

1.e4 e6 2.d4 d5 {sou de SINOP- MT}  3.e5 {Nao 
acredito...sou noivo da Daniella de 17 anos 
conhece? Sou da Ilha do governador-RJ}  Nd7 {qual 
danielle ? ....   meu nome é Afonso PJ}  4.Nf3 
{Minha noiva morava em sinop e agora em presidente 
prudente}  c5 {você joga no site da federação ? 
então tá marcando ... www.fide.com}  5.c3 {vc 
gosta de jogar no site www.fide.com  ???}  Ne7 
{é... vai lá e se cadastre, são 50 salas de jogos 
com partidas rápidas ... tente !!!}  6.Bg5 h6 
7.Bh4 {ok, obrigado!}  g5 8.Bg3 Nf5 9.Be2 {ok}  h5 
10.h3 Nxg3 11.fxg3 cxd4 12.cxd4 Rg8 13.Nh2 Qb6 
14.Qd2 Bg7 15.Bxh5 Nxe5 16.dxe5 Bxe5 17.Nc3 Bxg3+ 
18.Ke2 Bd7 19.Ng4 Bb5+ 20.Kd1 Bf4 21.Qf2 Qxf2 
22.Nxf2 Ba6 23.Re1 Ke7 24.Nd3 Bxd3 25.Nxd5+ Kf8 
26.Nxf4 gxf4 27.Rg1 Be4 28.g4 fxg3 29.Ke2 Rh8 
30.Bf3 Bxf3+ 31.Kxf3 Rxh3 32.Rxg3 Rxg3+ 33.Kxg3 
Rd8 34.Kf3 Ke7 35.Ke3 f5 36.Rc1 Kf6 37.Rc7 Rb8 
38.b4 a6 39.a4 Ke5 40.Re7 Kd6 41.Rf7 Kd5 42.Kd3 
Rd8 43.Kc3 Kc6 44.Re7 Rd6 45.Kb3 Rd3+ 46.Kc4 Re3 
47.Kd4 Re4+ 48.Kc3 f4 49.Kd3 Re3+ 50.Kd4 
e5+ 0-1

[Event "HCL-E029"]
[Site "www.playchess.de"]
[Date "2001.04.14"]
[Round "13"]
[White "Qaurial"]
[Black "flavoie"]
[WhiteElo "2000"]
[BlackElo "2000"]
[PlyCount "49"]
[Result "1-0"]

1.e4 c5 {salut mon ami, je te souhaite une bonne 
partie...}  2.Nf3 e6 3.d4 cxd4 4.Nxd4 Nf6 5.Nc3 
Bb4 6.e5 Qc7 7.exf6 Bxc3+ 8.bxc3 Qxc3+ 9.Qd2 Qxa1 
10.fxg7 Rg8 11.c3 Qb1 12.Nb5 Qe4+ 13.Kd1 Qa4+ 
14.Ke1 Qe4+ 15.Kd1 Qa4+ 16.Ke1 Qe4+ 17.Be2 Qxg2 
18.Nd6+ Ke7 19.Nxc8+ Kd8 20.Qd6 Qxh1+ 21.Bf1 Qe4+ 
22.Be3 Rxg7 23.Qf8+ Kc7 24.Qxg7 f5 
25.Ne7 1-0

[Event "HCL-E031"]
[Site "www.playchess.de"]
[Date "2001.04.14"]
[Round "23"]
[White "magus"]
[Black "Alcides"]
[WhiteElo "2000"]
[BlackElo "2000"]
[PlyCount "30"]
[Result "0-1"]

1.e4 e5 {hello! have fun ;)}  2.f4 exf4 3.Nf3 g5 
4.h4 g4 5.Ne5 Nf6 6.d4 d6 7.Nd3 Nc6 8.Nc3 Nxd4 
9.Nxf4 Ne6 10.Bc4 Be7 11.O-O c6 12.Be3 Nxf4 
13.Rxf4 b5 14.Bd3 Nh5 15.Rf5 Bxf5 0-1

[Event "ACL-E002"]
[Site "www.playchess.de"]
[Date "2001.04.14"]
[Round "21"]
[White "dzwonek"]
[Black "Llewellyn_Adamson"]
[WhiteElo "1626"]
[BlackElo "1855"]
[PlyCount "45"]
[Result "1/2-1/2"]

1.d4 Nf6 {Hi, how are you?}  2.Nf3 {I'm fine. And 
you?}  g6 {great thanks! good luck}  3.c4 {the 
same to you?}  Bg7 {i meant no offence, just a 
sign of sportsmanship}  4.Nc3 {Ok. I put ? instead 
of !}  d6 {no problemo!!}  5.g3 O-O 6.Bg2 Nbd7 
7.O-O e5 8.dxe5 Nxe5 9.Nxe5 dxe5 10.Bg5 Qxd1 
11.Rfxd1 c6 12.c5 Be6 13.Bxf6 Bxf6 14.Ne4 Bg7 
15.b3 Rad8 16.Rd6 Bd5 17.Rd1 f5 18.f3 b6 19.Nf2 
Rxd6 20.cxd6 Rd8 21.e4 fxe4 22.Nxe4 Bf8 
23.Nf6+ 1/2-1/2

[Event "HCL-B206"]
[Site "www.playchess.de"]
[Date "2001.04.14"]
[Round "1"]
[White "adamant"]
[Black "Translightor"]
[WhiteElo "1045"]
[BlackElo "1480"]
[PlyCount "89"]
[Result "1-0"]

1.c4 Nf6 {Hi & Good Luck!}  2.Nc3 e6 3.d4 d5 4.Nf3 
Be7 5.c5 b6 6.e3 bxc5 7.Bd3 cxd4 8.Nxd4 c5 9.Nf3 
O-O 10.Ng5 h6 11.Nf3 Nc6 12.O-O a5 13.Re1 Ba6 
14.Bc2 Qc7 15.a3 Rfd8 16.Bd2 d4 17.Ne4 d3 18.Nxf6+ 
Bxf6 19.Bb3 c4 20.Ba4 Bxb2 21.Ra2 Bf6 22.Bxc6 Qxc6 
23.Bxa5 Rd5 24.Bb4 c3 25.Kh1 Bc4 26.Ra1 c2 27.Qc1 
Bxa1 28.Qxa1 Rb5 29.Nd4 Qb7 30.Nxb5 Qxb5 31.Qc3 
Rd8 32.Qd2 h5 33.Rc1 g5 34.Qe1 Qd5 35.Qd2 Kh7 
36.Bc3 Kg6 37.Bb2 e5 38.f3 Qb5 39.Bc3 Rb8 40.Bb4 
Qc6 41.f4 Kf5 42.fxe5 Kxe5 43.e4 f6 44.Rf1 Rf8 
45.Bxf8 {Ouch!}  1-0

[Event "HCL-B202"]
[Site "www.playchess.de"]
[Date "2001.04.14"]
[Round "20"]
[White "Gamlet"]
[Black "LUPES"]
[WhiteElo "1500"]
[BlackElo "1783"]
[PlyCount "68"]
[Result "0-1"]

1.e4 e5 {good Game,good luck!}  2.Nf3 Nc6 3.Bb5 a6 
4.Ba4 Nf6 5.O-O Bc5 6.Bxc6 dxc6 7.Nxe5 Nxe4 8.c3 
O-O 9.d4 Bd6 10.Re1 Bxe5 11.Rxe4 Bd6 12.Bf4 Bf5 
13.Bxd6 cxd6 14.Rf4 Qg5 15.g3 Rae8 16.Nd2 Bd3 
17.Nf3 Qb5 18.b3 Be2 19.Qd2 Qh5 20.Nh4 Bg4 21.f3 
Be6 22.Ng2 h6 23.Re1 g5 24.Rfe4 Qxf3 25.R4e3 Qf5 
26.c4 d5 27.R3e5 Qh3 28.R1e3 Qg4 29.Ne1 f6 
30.R5xe6 Rxe6 31.cxd5 Rxe3 32.Qxe3 cxd5 33.Nf3 Qe4 
34.Qf2 Rc8 0-1

[Event "HCL-M013"]
[Site "www.playchess.de"]
[Date "2001.04.14"]
[Round "35"]
[White "ajedrez"]
[Black "Goofy"]
[WhiteElo "2337"]
[BlackElo "2228"]
[PlyCount "51"]
[Result "1-0"]

1.e4 {Hallo, und viel Spaß!}  c5 {Gleichfalls!}  
2.Nf3 Nc6 3.d4 cxd4 4.Nxd4 Nf6 5.Nc3 d6 6.Bg5 Qb6 
7.Nb3 e6 8.Bf4 Ne5 9.Be3 Qc7 10.f4 Nc6 11.g4 d5 
12.e5 Nd7 13.Nb5 Qb8 14.Qe2 f6 15.exf6 Nxf6 16.Bg2 
a6 17.Nc3 Bb4 18.O-O-O Bxc3 19.bxc3 O-O 20.Rhf1 b6 
21.g5 Nd7 22.c4 Ne7 23.cxd5 Nxd5 24.Rxd5 exd5 
25.Bxd5+ Kh8 26.Bd4 1-0

[Event "HCL-B204"]
[Site "www.playchess.de"]
[Date "2001.04.14"]
[Round "8"]
[White "scd119"]
[Black "harkbrw"]
[WhiteElo "1500"]
[BlackElo "1200"]
[PlyCount "75"]
[Result "1-0"]

1.e4 e5 2.Nf3 Nc6 3.Bb5 Bc5 4.Bxc6 bxc6 5.Nxe5 Qf6 
6.Nf3 d5 7.exd5 cxd5 8.d4 Bd6 9.Qd3 Bf5 10.Qb5+ 
Bd7 11.Qxd5 c6 12.Qe4+ Ne7 13.Bg5 Qe6 14.Nc3 f6 
15.Qxe6 Bxe6 16.Ne4 O-O-O 17.Nxd6+ Rxd6 18.Bf4 Rd5 
19.c3 g5 20.Be3 h5 21.c4 Rf5 22.Rc1 h4 23.d5 h3 
24.Nd4 hxg2 25.Rg1 Rxd5 26.Nxe6 Rxh2 27.cxd5 Nxd5 
28.Bxa7 Nf4 29.Nxf4 gxf4 30.f3 Kd7 31.Kf2 Ke6 
32.Rxc6+ Kf5 33.Bd4 Kg5 34.Rxg2+ Rxg2+ 35.Kxg2 Kh5 
36.Rxf6 Kg5 37.a4 Kh5 38.a5 1-0

[Event "HCL-B210"]
[Site "www.playchess.de"]
[Date "2001.04.14"]
[Round "15"]
[White "roofus"]
[Black "Axel"]
[WhiteElo "1248"]
[BlackElo "1765"]
[PlyCount "38"]
[Result "0-1"]

1.e4 c5 2.e5 Nc6 3.Nf3 Qc7 4.Bc4 Nxe5 5.d4 Nxc4 
6.b3 Nd6 7.c3 cxd4 8.cxd4 Nf6 9.Qd3 b6 10.Nc3 a5 
11.O-O Ba6 12.Qe3 Bxf1 13.Kxf1 Nf5 14.Qd3 Rc8 
15.Bd2 e6 16.Nb5 Qc2 17.Qxc2 Rxc2 18.Bf4 Bb4 
19.Re1 Bxe1 0-1

[Event "HCL-A084"]
[Site "www.playchess.de"]
[Date "2001.04.14"]
[Round "4"]
[White "peze"]
[Black "Kool_Chess"]
[WhiteElo "2005"]
[BlackElo "1900"]
[PlyCount "31"]
[Result "1-0"]

1.e4 {Hello!}  c5 2.Nf3 d6 3.d4 cxd4 4.Nxd4 Nf6 
5.f3 e5 6.Nb3 Be7 7.c4 Qb6 8.Bd3 Nc6 9.Qe2 Nb4 
10.Be3 Nxd3+ 11.Qxd3 Qa6 12.Nc3 O-O 13.Nb5 Be6 
14.Nc7 Bxc4 15.Qc3 Qa4 16.Nxa8 1-0

[Event "HCL-A084"]
[Site "www.playchess.de"]
[Date "2001.04.14"]
[Round "17"]
[White "Jane"]
[Black "Blitzmich"]
[WhiteElo "1700"]
[BlackElo "1841"]
[PlyCount "24"]
[Result "0-1"]

1.e4 {Hi !}  e5 {Hi, and good luck!}  2.Nc3 Nf6 
3.f4 exf4 4.d4 Bb4 5.Bd3 d5 6.e5 Ne4 7.Bxe4 Bxc3+ 
8.bxc3 Qh4+ 9.Kf1 dxe4 10.Qe1 Qxe1+ 11.Kxe1 g5 
12.h4 Rg8 0-1

[Event "HCL-A084"]
[Site "www.playchess.de"]
[Date "2001.04.14"]
[Round "19"]
[White "Kool_Chess"]
[Black "Blitzmich"]
[WhiteElo "1900"]
[BlackElo "1841"]
[PlyCount "28"]
[Result "0-1"]

1.e4 e5 2.f4 exf4 3.Nf3 Be7 4.d4 Bh4+ 5.Ke2 d5 
6.Qd3 dxe4 7.Qxe4+ Be7 8.Kd1 {Hey}  Nf6 9.Qxf4 O-O 
10.Nc3 c5 11.Bd3 cxd4 12.Nxd4 Bd6 13.Qh4 Bg4+ 
14.Nde2 Ne4 0-1